000 00394nam a22001697a 4500
005 20180411153603.0
008 160622b xxu||||| |||| 00| 0 eng d
020 _a81-219-2487-7
041 _aeng
082 _b8858
_a339
100 _aAhuja, H.L
_91003
245 _aEconomic Environment of Business
260 _bS Chand
_c2007
300 _a665
650 _aManagement
_9241
942 _cBK
999 _c3455
_d3454